Top 50 - Largest City in Each Country Beginning With 'O' - Statistics

General Stats
  • This quiz has been taken 214 times
  • The average score is 14 of 50
Answer Stats
# Population Country Answer % Correct
1 17,700,000 Japan Osaka
99%
7 1,230,000 Norway Oslo
96%
5 1,330,000 Canada Ottawa
94%
2 3,725,000 United States Orlando
85%
3 2,800,000 Burkina Faso Ouagadougou
83%
9 1,100,000 Ukraine Odessa
82%
8 1,160,000 Russia Omsk
80%
4 1,570,000 Algeria Oran
77%
16 298,980 United Kingdom Oxford
58%
10 713,925 Mexico Oaxaca
56%
27 180,863 Denmark Odense
56%
18 282,450 Czech Republic Ostrava
55%
25 210,271 Finland Oulu
54%
17 285,926 France Orléans
53%
15 315,881 Kyrgyzstan Osh
48%
6 1,310,000 Nigeria Onitsha
42%
34 126,604 Sweden Örebro
39%
21 263,654 Spain Oviedo
39%
43 81,915 Aruba Oranjestad
35%
19 281,200 Germany Osnabrück
32%
37 113,876 Belgium Ostend
30%
44 75,535 Croatia Osijek
24%
11 614,000 Morocco Oujda
18%
29 170,225 Poland Olsztyn
17%
20 264,943 Bolivia Oruro
17%
26 183,105 Romania Oradea
16%
40 103,658 Belarus Orsha
9%
45 61,048 Italy Olbia
7%
14 352,894 Kazakhstan Oskemen
7%
48 56,930 Netherlands Oss
7%
22 252,186 Turkey Osmaniye
5%
39 106,138 Switzerland Olten - Zofingen
3%
23 240,645 South Korea Osan
3%
13 358,146 Pakistan Okara
2%
30 147,826 Chile Osorno
2%
31 143,644 Ghana Obuasi
1%
36 121,000 Colombia Ocaña
1%
33 127,600 Venezuela Ocumare del Tuy
1%
50 49,750 Honduras Olanchito
1%
41 95,900 Argentina Olavarria
1%
49 52,202 Portugal Oliveira de Azeméis
1%
32 141,894 Uzbekistan Olmaliq
1%
12 367,583 Philippines Olongapo
1%
35 121,537 Angola Ondjiva
1%
28 172,569 Kenya Ongata Rongai
1%
42 91,854 South Africa Orkney
1%
24 237,970 India Ottappalam
1%
47 58,250 Haiti Ouanaminthe
1%
38 112,170 Brazil Ourinhos
1%
46 60,685 Gabon Oyem
1%
No matching quizzes found
Score Distribution
Percent of People with Each Score
Percentile by Number Answered
Your Score History
You have not taken this quiz